000 00657cam a2200181Ia 4500
020 _a9780415665568
020 _a9789388305822
040 _cBTCTA
082 _aAYV EAM 2022 A035 Or.
100 1 _aAnjaneyulu, Y.
245 0 0 _aEnvironmental impact assessment methodologies /
250 _a2nd ed.
260 _aHyderabad, India :
_bBS Publications ;
_aLeiden, Netherlands :
_bDistributed outside India, Pakistan, Nepal, Myanmar, Bhutan, Bangladesh and Sri Lanka by CRC Press/Balkema, Taylor & Francis Group,
_c2011.
300 _axiv, 428 p. :
_bill. ;
_c25 cm.
650 0 _aEnvironmental impact analysis
700 1 _aManickam, Valli
942 _cAEDBB
999 _c20894
_d20894